[Event "Olimpiade 2014 - Open"]
[Site "Tromsø"]
[Date "10.08.2014"]
[Round "8.27"]
[Board "4"]
[White "Krupenski, Juri"]
[Black "Hambleton, Aman"]
[Result "0-1"]
[WhiteTitle "FM"]
[BlackTitle "IM"]
[WhiteElo "2277"]
[BlackElo "2458"]
[WhiteTeam "Estonia"]
[BlackTeam "Canada"]
[WhiteFideId "4501101"]
[BlackFideId "2606577"]
[EventDate "2014.08.02"]

1. d4 e6 2. c4 Nf6 3. Nf3 b6 4. g3 Ba6 5. Qa4 Bb7 6. Bg2 c5 7. dxc5 Bxc5 8. O-O
O-O 9. Nc3 Be7 10. Rd1 Na6 11. Be3 Qb8 12. Rac1 Nc5 13. Qc2 Rd8 14. Bd4 h6 15.
h3 d6 16. b4 Nce4 17. Qb2 e5 18. Nxe4 Bxe4 19. Bc3 Qb7 20. b5 a6 21. a4 axb5 22.
axb5 d5 23. Bxe5 Ba3 24. Qc3 Bxc1 25. Bxf6 gxf6 26. Qxc1 dxc4 27. Rxd8+ Rxd8 28.
Qxc4 Qd5 29. Qc7 Qd6 30. Qc3 f5 31. Kh2 Qc5 32. Qf6 Rd6 33. Qe7 Bxf3 34. exf3
Re6 35. Qd8+ Kg7 36. Qd2 Qxb5 37. f4 Qc5 38. Qb2+ Kh7 39. h4 b5 40. Bf1 b4 41.
Bd3 Qc3 42. Bxf5+ Kg7 43. Qa2 b3 44. Qa7 Rd6 45. Qe7 Qd4 46. Kh3 b2 47. Kg4 Qf6
48. Qe4 Rd1 49. Qb4 h5+ 50. Kf3 Qxf5 51. Qxb2+ Kh7 0-1

[Event "Olimpiade 2014 - Open"]
[Site "Tromsø"]
[Date "10.08.2014"]
[Round "8.28"]
[Board "1"]
[White "Nanjo, Ryosuke"]
[Black "Grandelius, Nils"]
[Result "0-1"]
[WhiteTitle "CM"]
[BlackTitle "GM"]
[WhiteElo "2344"]
[BlackElo "2571"]
[WhiteTeam "Japan"]
[BlackTeam "Sweden"]
[WhiteFideId "7000634"]
[BlackFideId "1710400"]
[EventDate "2014.08.02"]

1. e4 c5 2. Nf3 d6 3. d4 cxd4 4. Nxd4 Nf6 5. Nc3 g6 6. Be3 Bg7 7. f3 O-O 8. Qd2
Nc6 9. O-O-O d5 10. Qe1 e5 11. Nxc6 bxc6 12. exd5 Nxd5 13. Bc4 Be6 14. Ne4 Re8
15. g4 Qc7 16. Bc5 Nf4 17. Bd6 Qb6 18. Bc5 Qc7 19. Bd6 Qc8 20. Bxe6 Qxe6 21. Kb1
f5 22. gxf5 gxf5 23. Nc5 Qf7 24. Qh4 Rad8 25. Rhg1 Kh8 26. c4 Ng6 27. Qg5 Qxc4
28. b3 Qf4 29. Qh5 Kg8 30. Bc7 Rxd1+ 31. Rxd1 Qe3 32. Nd7 Qe2 33. Rd6 e4 34.
Nf6+ Bxf6 35. Rxf6 Qd1+ 36. Kb2 Qd4+ 37. Kc2 Qxf6 0-1

[Event "Olimpiade 2014 - Open"]
[Site "Tromsø"]
[Date "10.08.2014"]
[Round "8.28"]
[Board "2"]
[White "Hillarp Persson, Tiger"]
[Black "Kojima, Shinya"]
[Result "1-0"]
[WhiteTitle "GM"]
[BlackTitle "FM"]
[WhiteElo "2549"]
[BlackElo "2373"]
[WhiteTeam "Sweden"]
[BlackTeam "Japan"]
[WhiteFideId "1700812"]
[BlackFideId "7000812"]
[EventDate "2014.08.02"]

1. g3 d5 2. Bg2 Nf6 3. d3 c6 4. Nd2 e5 5. e4 dxe4 6. dxe4 Bg4 7. Ngf3 Nbd7 8. h3
Bh5 9. O-O Be7 10. Qe1 O-O 11. Nc4 Bxf3 12. Bxf3 b5 13. Na5 Qc7 14. a3 Nc5 15.
b4 Ne6 16. Be3 Rfd8 17. Rc1 Nd4 18. Bg2 c5 19. c4 Qb6 20. f4 Nd7 21. Bxd4 exd4
22. e5 Rac8 23. cxb5 Qxb5 24. Qe4 d3 25. Nc6 Rxc6 26. Qxc6 Qxc6 27. Bxc6 Nb6 28.
bxc5 d2 29. cxb6 dxc1=Q 30. Rxc1 Bxa3 31. Rc3 Bb2 32. Rc4 axb6 33. Ra4 g6 34. h4
h5 35. Ra7 Bc3 36. e6 fxe6 37. Be4 Rd2 38. Bxg6 Bd4+ 39. Kh1 Bf2 40. Kg2 Be1+
41. Kh3 Rb2 42. Ra3 Bf2 43. Bxh5 b5 44. Bg4 Kf7 45. Ra6 1-0

[Event "Olimpiade 2014 - Open"]
[Site "Tromsø"]
[Date "10.08.2014"]
[Round "8.28"]
[Board "3"]
[White "Watanabe, Akira"]
[Black "Tikkanen, Hans"]
[Result "1-0"]
[WhiteTitle "FM"]
[BlackTitle "GM"]
[WhiteElo "2252"]
[BlackElo "2559"]
[WhiteTeam "Japan"]
[BlackTeam "Sweden"]
[WhiteFideId "7000227"]
[BlackFideId "1706446"]
[EventDate "2014.08.02"]

1. d4 e6 2. c4 d5 3. Nf3 c6 4. Nbd2 f5 5. e3 Nf6 6. Bd3 Nbd7 7. b3 Bd6 8. Bb2
O-O 9. O-O Ne4 10. Ne5 Rf6 11. f4 Rh6 12. Ndf3 Nxe5 13. dxe5 Be7 14. Qe2 Bd7 15.
Rac1 Qe8 16. Nd4 Qg6 17. cxd5 exd5 18. Bxe4 fxe4 19. f5 Qg5 20. f6 gxf6 21. e6
Bd6 22. g3 Bxg3 23. hxg3 Rh3 24. Rf2 Be8 25. Rg2 Bg6 26. Qf2 Re8 27. Qf4 Qh5 28.
Kf2 Rh1 29. Rxh1 Qxh1 30. Nf5 Rxe6 31. Nh6+ Kg7 32. Ng4 Qd1 33. Bxf6+ Kf8 34.
Bd4+ Bf7 35. Rh2 Qc2+ 36. Kg1 Qd1+ 37. Kg2 Qe2+ 38. Kh3 Qf3 39. Rf2 Qxf4 40.
Rxf4 b6 1-0

[Event "Olimpiade 2014 - Open"]
[Site "Tromsø"]
[Date "10.08.2014"]
[Round "8.28"]
[Board "4"]
[White "Berg, Emanuel"]
[Black "Averbukh, Alex"]
[Result "1-0"]
[WhiteTitle "GM"]
[WhiteElo "2554"]
[BlackElo "2183"]
[WhiteTeam "Sweden"]
[BlackTeam "Japan"]
[WhiteFideId "1704060"]
[BlackFideId "2028255"]
[EventDate "2014.08.02"]

1. e4 b6 2. d4 e6 3. Bd3 Bb7 4. Ne2 Nf6 5. Nd2 c5 6. c3 d5 7. e5 Nfd7 8. O-O Nc6
9. a3 c4 10. Bc2 b5 11. Nf4 Qe7 12. Qg4 O-O-O 13. b3 h5 14. Qe2 g5 15. Nxh5 f5
16. exf6 Nxf6 17. Ng3 Nd7 18. bxc4 bxc4 19. Nf3 g4 20. Ng5 Bh6 21. Qxg4 Rdg8 22.
h4 e5 23. Re1 Kb8 24. Nf5 Qf8 25. dxe5 Ka8 26. Bf4 Bg7 27. Qg3 Nc5 28. Nd6 Nd3
29. Bxd3 cxd3 30. Nxb7 Kxb7 31. Qxd3 Qc5 32. Rab1+ Ka8 33. Qa6 Nd8 34. e6 1-0

[Event "Olimpiade 2014 - Open"]
[Site "Tromsø"]
[Date "10.08.2014"]
[Round "8.29"]
[Board "1"]
[White "Juarez Flores, Carlos A."]
[Black "Markos, Jan"]
[Result "0-1"]
[WhiteTitle "IM"]
[BlackTitle "GM"]
[WhiteElo "2425"]
[BlackElo "2602"]
[WhiteTeam "Guatemala"]
[BlackTeam "Slovakia"]
[WhiteFideId "7300018"]
[BlackFideId "14903474"]
[EventDate "2014.08.02"]

1. d4 Nf6 2. Nf3 c5 3. c4 cxd4 4. Nxd4 e5 5. Nb5 d5 6. cxd5 Bc5 7. e3 O-O 8.
N5c3 Qe7 9. Be2 e4 10. a3 a5 11. Nd2 Rd8 12. Qc2 Bf5 13. g4 Bg6 14. h4 h6 15.
Qb3 Nbd7 16. g5 hxg5 17. hxg5 Nh7 18. Bh5 Bxh5 19. Rxh5 Nxg5 20. Kf1 g6 21. Rh1
Kg7 22. Qc2 Nf6 23. b3 Rh8 24. Rg1 Bxe3 25. fxe3 Qe5 26. Nc4 Qf5+ 27. Qf2 Nf3
28. Bb2 Rh2 29. Rg2 Ng4 30. Nxe4+ Kf8 31. Ncd6 Nxf2 32. Nxf5 Nxe4 33. Rxh2 Nxh2+
34. Kg2 gxf5 35. Kxh2 Rc8 36. Bd4 Rc2+ 37. Kh3 f4 38. exf4 Rd2 39. Bg1 Rxd5 40.
Re1 f5 41. Rc1 Rd3+ 42. Kh4 Rxb3 43. Rc7 Rb1 44. Rc8+ Kf7 45. Rc7+ Ke6 46. Rg7
b5 47. Rg6+ Kf7 48. Rg2 b4 49. axb4 axb4 0-1

[Event "Olimpiade 2014 - Open"]
[Site "Tromsø"]
[Date "10.08.2014"]
[Round "8.29"]
[Board "2"]
[White "Ftacnik, Lubomir"]
[Black "Cu Hor, Winston Darwin"]
[Result "1-0"]
[WhiteTitle "GM"]
[BlackTitle "FM"]
[WhiteElo "2571"]
[BlackElo "2259"]
[WhiteTeam "Slovakia"]
[BlackTeam "Guatemala"]
[WhiteFideId "14900017"]
[BlackFideId "7300662"]
[EventDate "2014.08.02"]

1. Nf3 Nf6 2. c4 c5 3. Nc3 d5 4. cxd5 Nxd5 5. d4 Nc6 6. e4 Nxc3 7. bxc3 cxd4 8.
cxd4 e6 9. Bc4 Bb4+ 10. Bd2 Qa5 11. Rb1 Bxd2+ 12. Qxd2 Qxd2+ 13. Kxd2 O-O 14.
Rhc1 Rd8 15. Ke3 Na5 16. Bd3 Bd7 17. Rc5 b6 18. Rc7 Be8 19. Ba6 Kf8 20. Ne5 f6
21. Nd3 Rd7 22. Nf4 Ke7 23. Rbc1 g5 24. Nd3 Rd8 25. e5 Rxc7 26. Rxc7+ Rd7 27.
exf6+ Kxf6 28. Rc8 Re7 29. Ne5 Bd7 30. Rg8 Nc6 31. Ng4+ Kf5 32. Nh6+ Kf6 33. Bd3
e5 34. d5 Nd4 35. Ra8 Re8 36. Ng4+ Ke7 37. Rxa7 Kd6 38. Rxd7+ 1-0

[Event "Olimpiade 2014 - Open"]
[Site "Tromsø"]
[Date "10.08.2014"]
[Round "8.29"]
[Board "3"]
[White "Garcia Fuentes, Sergio Miguel"]
[Black "Michalik, Peter"]
[Result "0-1"]
[BlackTitle "GM"]
[WhiteElo "2166"]
[BlackElo "2586"]
[WhiteTeam "Guatemala"]
[BlackTeam "Slovakia"]
[WhiteFideId "7300549"]
[BlackFideId "14907526"]
[EventDate "2014.08.02"]

1. e4 c6 2. d4 d5 3. Nc3 dxe4 4. Nxe4 Bf5 5. Ng3 Bg6 6. h4 h6 7. N1e2 e6 8. Nf4
Bh7 9. Bd3 Bxd3 10. Qxd3 Nf6 11. Bd2 Nbd7 12. O-O-O Qc7 13. Qf3 O-O-O 14. Nfh5
Nxh5 15. Nxh5 g6 16. Ng3 Nb6 17. Qf6 Rh7 18. Bf4 Bd6 19. Bxd6 Qxd6 20. Kb1 Nd5
21. Qf3 Qf4 22. Qe2 Nf6 23. Rd3 Qc7 24. Rhd1 Rhh8 25. Rf3 Nd5 26. Ne4 Rhe8 27.
c4 f5 28. Nc5 Nf4 29. Qe3 Nxg2 30. Qxh6 b6 31. Nb3 Qe7 32. Rg3 Nxh4 33. Re1 Qf6
34. Qf4 Kb7 35. Re5 Rg8 36. Qd2 Qxe5 37. dxe5 Rxd2 38. Nxd2 g5 39. Rd3 Kc7 40.
Kc2 g4 41. Ra3 Ra8 42. c5 b5 43. Rd3 Re8 44. Ra3 Kb7 45. Rd3 Re7 46. Rd8 Ng6 47.
Nb3 Nxe5 48. Na5+ Kc7 49. Ra8 Rd7 50. Rxa7+ Kd8 51. Ra8+ Ke7 52. Rh8 Rd5 53. b4
Rd4 54. Nb7 Rxb4 55. Nd6 Rf4 56. Rh7+ Kf8 57. Rh8+ Kg7 58. Re8 Rxf2+ 59. Kb3 g3 0-1

[Event "Olimpiade 2014 - Open"]
[Site "Tromsø"]
[Date "10.08.2014"]
[Round "8.29"]
[Board "4"]
[White "Petrik, Tomas"]
[Black "Giron, David"]
[Result "1-0"]
[WhiteTitle "GM"]
[WhiteElo "2487"]
[BlackElo "2103"]
[WhiteTeam "Slovakia"]
[BlackTeam "Guatemala"]
[WhiteFideId "14901625"]
[BlackFideId "7300697"]
[EventDate "2014.08.02"]

1. e4 c5 2. Nf3 d6 3. d4 cxd4 4. Nxd4 Nf6 5. Nc3 a6 6. a4 e5 7. Nf3 Qc7 8. Bg5
Nbd7 9. Nd2 b6 10. Bc4 Bb7 11. O-O Be7 12. Ba2 O-O 13. Nc4 h6 14. Bxf6 Nxf6 15.
Ne3 Nxe4 16. Ned5 Nxc3 17. Nxc7 Nxd1 18. Nxa8 Ne3 19. fxe3 Bxa8 20. Rad1 Be4 21.
Rd2 Bg6 22. Bc4 a5 23. Bd3 Bxd3 24. Rxd3 Rc8 25. Rf2 g6 26. Rb3 Rc6 27. Rd2 f5
28. Rdd3 Kf7 29. Rdc3 Rxc3 30. Rxc3 Ke6 31. Rc8 d5 32. Rc6+ Kf7 33. Rxb6 Bc5 34.
Ra6 Bxe3+ 35. Kf1 Bd2 36. Ke2 Bb4 37. c3 Be7 38. Rxa5 d4 39. cxd4 exd4 40. Rb5 1-0

[Event "Olimpiade 2014 - Open"]
[Site "Tromsø"]
[Date "10.08.2014"]
[Round "8.30"]
[Board "1"]
[White "Iturrizaga Bonelli, Eduardo"]
[Black "Sulskis, Sarunas"]
[Result "1/2-1/2"]
[WhiteTitle "GM"]
[BlackTitle "GM"]
[WhiteElo "2653"]
[BlackElo "2544"]
[WhiteTeam "Venezuela"]
[BlackTeam "Lithuania"]
[WhiteFideId "3901211"]
[BlackFideId "12800112"]
[EventDate "2014.08.02"]

1. Nf3 d5 2. c4 d4 3. b4 g5 4. Bb2 Bg7 5. Nxg5 e5 6. Ne4 f5 7. Nc5 b6 8. Qa4+ c6
9. Nb3 Ne7 10. e3 O-O 11. c5 b5 12. Qa5 Qe8 13. Na3 Nd5 14. Nc2 Be6 15. exd4 e4
16. O-O-O Nd7 17. Qa3 N7b6 18. Na5 Na4 19. Ba1 Nf4 20. Qg3 Nh5 21. Qd6 Rc8 22.
d5 Bxd5 23. Bxb5 cxb5 24. Qxd5+ Rf7 25. Bxg7 Nf4 26. Qb3 Nd3+ 27. Kb1 Kxg7 28.
Rhf1 Rd7 29. f4 Ndb2 30. Ne3 Rd3 31. Nxf5+ Kh8 32. Nd6 Rxb3 33. Nxe8 Rxb4 34. a3
Rd4 35. Nd6 Rxc5 36. Nb3 Rxd6 37. Nxc5 Nxd1 38. Nxa4 Rxd2 39. Kc1 Rxg2 40. Kxd1
bxa4 41. Re1 Ra2 42. Rxe4 Rxa3 43. Ke2 Ra1 44. Kf2 Kg7 45. Re6 a5 46. Ra6 a3 47.
Rxa5 Kg6 48. Kg2 Ra2+ 49. Kg3 Ra1 50. Kg4 Rg1+ 51. Kh4 Rf1 52. Rxa3 Rxf4+ 53.
Kg3 Rb4 1/2-1/2

[Event "Olimpiade 2014 - Open"]
[Site "Tromsø"]
[Date "10.08.2014"]
[Round "8.30"]
[Board "2"]
[White "Rozentalis, Eduardas"]
[Black "Rohl Montes, Juan Armando"]
[Result "1-0"]
[WhiteTitle "GM"]
[BlackTitle "IM"]
[WhiteElo "2606"]
[BlackElo "2390"]
[WhiteTeam "Lithuania"]
[BlackTeam "Venezuela"]
[WhiteFideId "12800023"]
[BlackFideId "3900487"]
[EventDate "2014.08.02"]

1. e4 e6 2. d4 d5 3. Nd2 Nf6 4. e5 Nfd7 5. Bd3 c5 6. c3 Nc6 7. Ne2 cxd4 8. cxd4
f6 9. exf6 Nxf6 10. Nf3 Qc7 11. O-O Bd6 12. g3 O-O 13. Bf4 Ng4 14. Rc1 Bd7 15.
Re1 Bxf4 16. Nxf4 Rxf4 17. gxf4 Qxf4 18. Bf1 Rf8 19. Bg2 Qd6 20. Rc3 Nh6 21. Ne5
Nf5 22. Nxc6 bxc6 23. Bh3 Nh4 24. Qg4 Rf4 25. Qg3 Qf8 26. Bxe6+ Bxe6 27. Rxe6
Qf5 28. h3 Nf3+ 29. Rxf3 Rxf3 30. Qb8+ 1-0

[Event "Olimpiade 2014 - Open"]
[Site "Tromsø"]
[Date "10.08.2014"]
[Round "8.30"]
[Board "3"]
[White "Guerrero Vargas, Andres"]
[Black "Laurusas, Tomas"]
[Result "0-1"]
[WhiteTitle "FM"]
[BlackTitle "IM"]
[WhiteElo "2318"]
[BlackElo "2435"]
[WhiteTeam "Venezuela"]
[BlackTeam "Lithuania"]
[WhiteFideId "3902048"]
[BlackFideId "12803731"]
[EventDate "2014.08.02"]

1. e4 c6 2. d4 d5 3. e5 Bf5 4. h4 a6 5. h5 Qc7 6. c4 e6 7. Nc3 h6 8. g4 Bh7 9.
Bd3 dxc4 10. Bxh7 Rxh7 11. a4 c5 12. d5 Nd7 13. f4 exd5 14. Qxd5 Ne7 15. Qxc4
Qc6 16. Rh2 f6 17. e6 Nb6 18. Qe4 f5 19. Qxc6+ Nxc6 20. gxf5 Nd4 21. a5 Nc4 22.
Ra4 b5 23. axb6 Nxb6 24. Ra1 Nxf5 25. Nf3 Bd6 26. Ne4 Ke7 27. Rc2 Rhh8 28. Nxd6
Kxd6 29. Ra5 Rhc8 30. b3 Nd5 31. Re2 Rcb8 32. Ba3 Rb5 33. Nd2 Rxa5 34. Nc4+ Ke7
35. Nxa5 Nxf4 36. Bxc5+ Kf6 37. Rd2 Kxe6 38. Nc4 Nxh5 39. Re2+ Kf6 40. Nb6 Rd8
41. Ra2 Nf4 42. b4 h5 43. Rxa6 Kg5 44. Nc4 h4 45. Kf2 h3 46. Ra1 Rd3 47. Rg1+
Ng2 48. Rh1 Kf4 49. Ba7 g5 50. Bb8+ Ke4 51. b5 Rf3+ 52. Kg1 Kd5 53. Ne5 Rb3 54.
Ng4 Ngh4 55. Kh2 Nf3+ 56. Kxh3 Ne5+ 57. Kg2 Nxg4 58. Rh5 Nge3+ 59. Kf2 Rb2+ 60.
Kf3 g4+ 61. Kf4 Rxb5 62. Bc7 Rb4+ 63. Kg5 Ke4 64. Rh8 Kf3 65. Rf8 g3 0-1

[Event "Olimpiade 2014 - Open"]
[Site "Tromsø"]
[Date "10.08.2014"]
[Round "8.30"]
[Board "4"]
[White "Beinoras, Mindaugas"]
[Black "Castro, Jose Luis"]
[Result "0-1"]
[WhiteTitle "IM"]
[BlackTitle "FM"]
[WhiteElo "2402"]
[BlackElo "2313"]
[WhiteTeam "Lithuania"]
[BlackTeam "Venezuela"]
[WhiteFideId "12802085"]
[BlackFideId "3901831"]
[EventDate "2014.08.02"]

1. d4 Nf6 2. c4 g6 3. Nc3 Bg7 4. e4 d6 5. Nf3 O-O 6. Be2 e5 7. O-O Nc6 8. d5 Ne7
9. b4 Ne8 10. c5 f5 11. Ng5 h6 12. Ne6 Bxe6 13. dxe6 fxe4 14. cxd6 Nxd6 15. b5
Kh7 16. Qa4 Nef5 17. Nxe4 Nxe4 18. Qxe4 Qd4 19. Qxd4 Nxd4 20. Bc4 a6 21. bxa6 b5
22. Bd5 Rxa6 23. Bb2 c6 24. Be4 Nxe6 25. Rfc1 Rc8 26. h4 h5 27. a4 bxa4 28. Rc4
Rb8 29. Ra2 c5 30. Bd5 Nf4 31. Bf3 Rb4 32. Rxc5 Nd3 33. Rc2 Nxb2 34. Rcxb2 Rxb2
35. Rxb2 e4 36. Be2 a3 37. Ra2 Ra5 38. f3 Bd4+ 39. Kf1 Rc5 40. Bd1 Rc1 0-1

[Event "Olimpiade 2014 - Open"]
[Site "Tromsø"]
[Date "10.08.2014"]
[Round "8.31"]
[Board "1"]
[White "Baburin, Alexander"]
[Black "Colovic, Aleksandar"]
[Result "1/2-1/2"]
[WhiteTitle "GM"]
[BlackTitle "GM"]
[WhiteElo "2502"]
[BlackElo "2487"]
[WhiteTeam "Ireland"]
[BlackTeam "FYROM"]
[WhiteFideId "2500914"]
[BlackFideId "15000729"]
[EventDate "2014.08.02"]

1. d4 d5 2. c4 dxc4 3. Nf3 a6 4. e3 b5 5. a4 Bb7 6. b3 e6 7. bxc4 bxc4 8. Bxc4
Nf6 9. O-O Nbd7 10. Nbd2 Be7 11. Rb1 Ra7 12. Bb2 O-O 13. a5 c5 14. Nb3 Ne4 15.
Nfd2 Bd6 16. Qg4 Ndf6 17. Qh3 Nxd2 18. Nxd2 Be7 19. Rfd1 Bd5 20. dxc5 Rd7 21.
Rdc1 Qxa5 22. Nb3 Qc7 23. Qg3 Rc8 24. Qxc7 Rdxc7 25. Bxf6 gxf6 26. Bxa6 Rb8 27.
Bc4 Bxc4 28. Rxc4 Rcb7 29. Rc3 Bxc5 30. Rxc5 Rxb3 31. Rxb3 Rxb3 1/2-1/2

[Event "Olimpiade 2014 - Open"]
[Site "Tromsø"]
[Date "10.08.2014"]
[Round "8.31"]
[Board "2"]
[White "Pancevski, Filip"]
[Black "Collins, Sam E."]
[Result "1/2-1/2"]
[WhiteTitle "IM"]
[BlackTitle "IM"]
[WhiteElo "2464"]
[BlackElo "2495"]
[WhiteTeam "FYROM"]
[BlackTeam "Ireland"]
[WhiteFideId "15002187"]
[BlackFideId "2501198"]
[EventDate "2014.08.02"]

1. e4 e5 2. Nf3 Nc6 3. Nc3 Nf6 4. Bb5 Bb4 5. O-O O-O 6. d3 d6 7. Bg5 Bxc3 8.
bxc3 Qe7 9. Re1 Nd8 10. d4 Ne6 11. Bd2 c5 12. a4 Nc7 13. Bd3 Bg4 14. Rb1 Rab8
15. h3 Bxf3 16. Qxf3 cxd4 17. cxd4 Ne6 18. dxe5 dxe5 19. Bb4 Nc5 20. Bc4 Qc7 21.
Bd5 Rfd8 22. Qa3 b6 23. c4 Rbc8 24. a5 Rd6 25. Re3 g6 26. Qa1 Re8 27. Qa3 Rc8
28. Qa1 Re8 29. Rbe1 Rd7 30. Rf3 Kg7 31. Bc3 Ng8 32. Rb1 f6 33. Bb4 Ne7 34. axb6
axb6 35. Bxc5 Nxd5 36. cxd5 Qxc5 37. Rfb3 Qd4 38. Rb4 Qxa1 39. Rxa1 f5 40. f3
fxe4 41. fxe4 Rb7 42. Rab1 Rc8 43. R1b2 Rc3 44. Kh2 Re3 45. Rd2 Rc3 46. Rdb2 Re3
47. Rc2 Rf7 48. Rd2 Rb7 49. Kg1 Rc3 50. Kf2 Rf7+ 51. Kg1 Rb7 52. h4 h5 53. Rdb2
b5 54. Rd2 Rc5 55. Rd3 Rf7 56. Rf3 Ra7 57. Rf2 Ra1+ 58. Kh2 Ra4 59. Rfb2 Rxb4
60. Rxb4 Rc4 61. Rxb5 Rxe4 62. g3 Re2+ 63. Kg1 Rd2 64. Kf1 Kf6 65. Ke1 Rd3 66.
Kf2 Kf5 67. Ra5 Kg4 68. Ra6 Kf5 69. d6 g5 70. hxg5 Kxg5 71. Ke2 Rd4 72. Kf3 Kf5
73. Kf2 Kg4 74. Rb6 Rd2+ 75. Ke3 Rd4 76. Kf2 Rd5 77. Ra6 Kf5 78. Ke3 Rd4 79. Rb6
Rd5 80. Ra6 e4 81. Ke2 Ke5 82. d7 Rxd7 83. Rh6 Ra7 84. Rxh5+ Kd4 85. Rb5 Ra2+
86. Kf1 Ra1+ 87. Ke2 Ra2+ 88. Kf1 Ra3 89. g4 Ke3 90. g5 Kf4 91. g6 Ra1+ 92. Ke2
Rg1 93. Rb6 Rg2+ 94. Kf1 Rg5 95. Ke2 Rg2+ 96. Kf1 Rg4 97. Ke2 Kf5 98. Rb5+ Kxg6 1/2-1/2

[Event "Olimpiade 2014 - Open"]
[Site "Tromsø"]
[Date "10.08.2014"]
[Round "8.31"]
[Board "3"]
[White "Astaneh Lopez, Alex"]
[Black "Mitkov, Nikola"]
[Result "1/2-1/2"]
[WhiteTitle "IM"]
[BlackTitle "GM"]
[WhiteElo "2419"]
[BlackElo "2500"]
[WhiteTeam "Ireland"]
[BlackTeam "FYROM"]
[WhiteFideId "2501430"]
[BlackFideId "15000290"]
[EventDate "2014.08.02"]

1. d4 d5 2. c4 e6 3. Nf3 Nf6 4. g3 Bb4+ 5. Bd2 Be7 6. Bg2 c6 7. Qc2 b6 8. Bf4
O-O 9. O-O Ba6 10. Nbd2 Nbd7 11. Rfc1 Rc8 12. e4 dxc4 13. Nxc4 Bxc4 14. Qxc4
Nxe4 15. Qa4 b5 16. Qxa7 g5 17. Ne5 Nxe5 18. Bxe5 Nxf2 19. Kxf2 f6 20. Kg1 fxe5
21. dxe5 Rf5 22. Qe3 Kh8 23. Re1 Qf8 24. Kh1 Rd8 25. Rad1 g4 26. Qe4 Rxd1 27.
Rxd1 h5 28. h4 Qg7 29. Re1 c5 30. Qc6 Qg8 31. Qxb5 Qd8 32. a4 Bxh4 33. Qb3 c4
34. Qc3 Bg5 35. Qxc4 Qd2 36. Qe2 Qb4 37. Qe4 Qxb2 38. a5 Qa3 39. Rf1 Rxf1+ 40.
Bxf1 Qxg3 41. Qg2 Qe1 42. a6 Be3 43. a7 Bxa7 44. Qa8+ Kg7 45. Qxa7+ Kh6 46. Qa6
Qe4+ 47. Kg1 Qe3+ 48. Kh1 Qe4+ 49. Kg1 Qxe5 50. Bc4 Qe3+ 51. Kg2 Qd2+ 52. Kg1
Qe1+ 53. Kg2 Qe4+ 54. Kg1 Qe3+ 55. Kg2 Qf3+ 56. Kg1 Qg3+ 57. Kh1 Qh3+ 58. Kg1
Qe3+ 59. Kg2 Qe4+ 60. Kg1 Qd4+ 61. Kg2 Qb2+ 62. Kg1 Qc1+ 63. Kg2 Qd2+ 64. Kg1
Qe3+ 65. Kg2 Qe4+ 66. Kg1 Qd4+ 67. Kg2 Qe4+ 68. Kg1 Qe3+ 69. Kg2 Qe4+ 70. Kg1
Qe3+ 71. Kg2 Qe4+ 72. Kg1 Qe3+ 73. Kg2 Qh3+ 74. Kg1 Qg3+ 75. Kh1 Qf3+ 76. Kg1
Qe3+ 77. Kg2 Qf3+ 78. Kg1 Qg3+ 79. Kh1 Qf3+ 80. Kg1 Qe3+ 81. Kg2 1/2-1/2

[Event "Olimpiade 2014 - Open"]
[Site "Tromsø"]
[Date "10.08.2014"]
[Round "8.31"]
[Board "4"]
[White "Bogdanovski, Vlatko"]
[Black "Daly, Colm"]
[Result "1/2-1/2"]
[WhiteTitle "GM"]
[BlackTitle "FM"]
[WhiteElo "2426"]
[BlackElo "2323"]
[WhiteTeam "FYROM"]
[BlackTeam "Ireland"]
[WhiteFideId "15000206"]
[BlackFideId "2500434"]
[EventDate "2014.08.02"]

1. d4 Nf6 2. c4 e6 3. Nf3 Bb4+ 4. Bd2 Qe7 5. Nc3 d5 6. e3 O-O 7. a3 Bxc3 8. Bxc3
Rd8 9. Qc2 a5 10. Bd3 b6 11. cxd5 exd5 12. O-O Ba6 13. Bxa6 Rxa6 14. b4 a4 15.
b5 Ra7 16. Ne5 Qe6 17. Bb4 Nfd7 18. Nd3 Nf6 19. Rfc1 Re8 20. Ne5 Nfd7 21. Nxd7
Nxd7 22. Qc6 Nf6 23. Ra2 Qe4 24. Qc2 h5 25. Qd1 Qf5 26. Rac2 Qd7 27. Rc6 Re6 28.
R1c3 Rxc6 29. Rxc6 Qf5 30. f3 Ne8 31. h3 Ra8 32. Kh2 Ra7 33. Kh1 Ra8 34. Rc1 Ra7
35. Qe2 Qd7 36. Rc6 Ra8 37. Qd3 Nf6 38. Qc2 Ne8 39. Qd3 Nf6 40. Be1 Ne8 41. Bg3
Rd8 42. Be5 Qe7 43. Rc3 Qd7 44. Qb1 Ra8 45. Rc6 Ra5 46. Bg3 Qe7 47. Qd3 Ra7 48.
Be1 Ra8 49. Bb4 Qd7 50. Kg1 g6 51. Qc2 Ra7 52. Kh1 Ng7 53. Qd3 Ra8 54. g4 Re8
55. Kg2 Re6 56. Rxe6 Nxe6 57. Be1 hxg4 58. hxg4 c6 59. bxc6 Qxc6 60. Qc3 Qb5 61.
Kf2 Qd7 1/2-1/2

[Event "Olimpiade 2014 - Open"]
[Site "Tromsø"]
[Date "10.08.2014"]
[Round "8.32"]
[Board "1"]
[White "Amonatov, Farrukh"]
[Black "Mandizha, Farai"]
[Result "1-0"]
[WhiteTitle "GM"]
[BlackTitle "IM"]
[WhiteElo "2590"]
[BlackElo "2388"]
[WhiteTeam "Tajikistan"]
[BlackTeam "Zimbabwe"]
[WhiteFideId "14700077"]
[BlackFideId "11000430"]
[EventDate "2014.08.02"]

1. e4 c5 2. Nf3 Nc6 3. d4 cxd4 4. Nxd4 Nf6 5. Nc3 d6 6. Bc4 Bd7 7. Bb3 Na5 8. f3
a6 9. Be3 e6 10. Qd2 Qc7 11. g4 h6 12. O-O-O b5 13. Kb1 Nc4 14. Bxc4 Qxc4 15. h4
b4 16. Nce2 a5 17. Ng3 Bc8 18. g5 Nd7 19. g6 Nc5 20. gxf7+ Kxf7 21. Rhg1 a4 22.
Qg2 Ra7 23. Nh5 Ke8 24. Qg6+ Rf7 25. Nf4 Be7 26. b3 Qc3 27. Bc1 axb3 28. axb3
Nd7 29. Bb2 Qe3 30. Ndxe6 Ne5 31. Bxe5 Bxe6 32. Nxe6 dxe5 33. Nxg7+ Kf8 34. Ne6+
Ke8 35. Nc7+ Kf8 36. Qc6 1-0

[Event "Olimpiade 2014 - Open"]
[Site "Tromsø"]
[Date "10.08.2014"]
[Round "8.32"]
[Board "2"]
[White "Makoto, Rodwell"]
[Black "Khusenkhojaev, Muhammad"]
[Result "1-0"]
[WhiteTitle "IM"]
[BlackTitle "IM"]
[WhiteElo "2279"]
[BlackElo "2410"]
[WhiteTeam "Zimbabwe"]
[BlackTeam "Tajikistan"]
[WhiteFideId "11000120"]
[BlackFideId "14700247"]
[EventDate "2014.08.02"]

1. Nf3 Nf6 2. c4 c6 3. g3 g6 4. Bg2 Bg7 5. d4 d5 6. b3 O-O 7. O-O dxc4 8. bxc4
c5 9. Bb2 cxd4 10. Nxd4 a6 11. e3 Qc7 12. Qb3 e5 13. Nf3 Nc6 14. Rc1 Rd8 15. Nc3
Na5 16. Qb4 Nc6 17. Qb3 Na5 18. Qb4 Bf8 19. c5 Nc6 20. Qh4 Bg7 21. h3 h6 22. Na4
g5 23. Qc4 Be6 24. Qf1 Nd5 25. e4 Ndb4 26. Nb6 Rab8 27. a3 Nd3 28. Nd5 Bxd5 29.
Qxd3 Be6 30. Qe2 Rd7 31. Nd2 Bf8 32. Nf3 Rbd8 33. Rab1 Bg7 34. Bc3 Rc8 35. Qe1
Nd4 36. Ba5 Nxf3+ 37. Bxf3 Qc6 38. Rb6 Qa4 39. Bb4 Rc6 40. Bd1 Bb3 41. Bg4 Rd8
42. Rxb7 Be6 43. Bd1 Bb3 44. Be2 Rdc8 45. Bg4 Be6 46. Bd1 Bb3 47. Qd2 a5 48.
Bxb3 Qxb3 49. Qd5 Qf3 50. Rc3 Qf6 51. Bxa5 Bf8 52. Bb4 h5 53. Rb6 g4 54. Rxc6
Rxc6 55. hxg4 hxg4 56. Qd7 Qg6 57. Qf5 Qxf5 58. exf5 Kg7 59. Kf1 Kf6 60. Ke2 e4
61. Rc4 Ke5 62. f6 Kd5 63. Rc1 Ke6 64. Rc4 Kd5 65. Rc2 Ke5 66. Bc3+ Kd5 67. Rd2+
Kc4 68. Bb4 Rxf6 69. Rc2+ Kb3 70. Rc3+ Kb2 71. Rc4 Rc6 72. Rxe4 Bxc5 73. Rxg4
Bb6 74. Rf4 Rc7 75. Kf3 Kc2 76. Re4 Kd3 77. Re2 Rc1 78. Rd2+ Kc4 79. Rd6 Kb5 80.
a4+ Kxb4 81. Rxb6+ Kxa4 82. Rb7 f6 83. Rb6 f5 84. Rf6 Kb5 85. Rxf5+ Kc6 86. Re5
Kd6 87. Re2 1-0